|
|
|
|
| LEADER |
00797cam a2200277 7i4500 |
| 001 |
0000068862 |
| 005 |
20200106090000.0 |
| 005 |
##20200106115400.0 |
| 003 |
##MY-KlINT |
| 008 |
191219s2017 my e 000 0 may d |
| 020 |
# |
# |
|a 9789670870434
|
| 039 |
# |
9 |
|a 202001061154
|b Zuraidah
|y 201912191146
|z aninah
|
| 040 |
# |
# |
|a INTS
|
| 082 |
0 |
0 |
|a 899.2333
|
| 090 |
0 |
0 |
|a 899.2333
|b ADN
|
| 100 |
1 |
# |
|a Adnil Zaff,
|d 1981-
|e author
|
| 245 |
1 |
0 |
|a DIKAULAH SELURUH CINTA / /
|c ADNIL ZAFF ; Editor: Quefira.
|
| 264 |
# |
0 |
|a Kajang, Selangor
|b Anaasa Publication
|c [2017?]
|
| 300 |
# |
# |
|a 709 pages;
|c 19cm.
|
| 336 |
# |
# |
|a text
|2 rdacontent
|
| 337 |
# |
# |
|a unmediated
|2 rdamedia
|
| 338 |
# |
# |
|a volume
|2 rdacarrier
|
| 583 |
# |
# |
|a LULUS
|
| 650 |
# |
0 |
|a Malaysian fiction (Malay)
|
| 650 |
# |
0 |
|a Malay fiction
|
| 700 |
0 |
# |
|a Quefira
|